Current Real Madrid Squad - 2025 - Statistics

General Stats
  • This quiz has been taken 268 times
  • The average score is 18 of 23
Answer Stats
Hint Answer % Correct
#7 Vinicius Junior
98%
#9 Kylian Mbappe
95%
#1 Thibaut Courtois
94%
#5 Jude Bellingham
93%
#11 Rodrygo
92%
#22 Antonio Rudiger
87%
#2 Daniel Carvajal
86%
#10 Luka Modric
86%
#8 Federico Valverde
83%
#6 Eduardo Camavinga
81%
#14 Aurelien Tchouameni
80%
#3 Eder Militao
80%
#4 David Alaba
79%
#15 Arda Guler
78%
#23 Ferland Mendy
76%
#13 Andriy Lunin
74%
#16 Endrick
70%
#20 Fran Garcia
65%
#21 Brahim Diaz
64%
#35 (there is no 12) Raul Asencio
64%
#19 Dani Ceballos
61%
#17 Lucas Vazquez
61%
#18 Jesus Vallejo
44%
No matching quizzes found
Score Distribution
Percent of People with Each Score
Percentile by Number Answered
Your Score History
You have not taken this quiz